000 00878nam0a22002771 4500
001 RU\NLR\INFOCOMM_190\5000082840
005 20250613101441.0
035 _a(NLR Aleph) 009379375
090 _a7972733
_c7972733
100 _a20101222d1968 |||y0rusy50 ca
101 1 _aeng
_crus
102 _aRU
105 _ay ||||000|y
200 1 _aMy apprenticeship
_fM. Gorky
_g[Transl. from the Russ. by Margaret Wettlin]
_g[Designed by V. Ilyushchenko]
205 _a[5th print.]
210 _aM.
_c"Progress"
_d[1968]
215 _a424 с.
_d18 см
300 _aНа обороте тит. л.: М. Горький . В людях
686 _aЛх-рс924
_2rubbk
700 1 _9z01790
_aGor'kij
_bM.
_f1868-1936
_gMaksim
_4070
790 1 _9z01700
_aGorky
_bM.
_4070
801 1 _aRU
_bNLR
_c20101222
801 0 _aRU
_bNLR
_gPSBO
852 _aNLR
_jЛ31 Д-3/35
942 _cBOOK
980 _aNB